ENTREPRENURIAL DEVELOPMENT (Record no. 26892)

000 -LEADER
fixed length control field 00337nam a2200145Ia 4500
008 - FIXED-LENGTH DATA ELEMENTS--GENERAL INFORMATION
fixed length control field 200615s9999||||xx |||||||||||||| ||und||
020 ## - INTERNATIONAL STANDARD BOOK NUMBER
International Standard Book Number 9788121918015
082 ## - DEWEY DECIMAL CLASSIFICATION NUMBER
Classification number 650
Item number ENT-S
100 ## - MAIN ENTRY--PERSONAL NAME
Personal name S S KHANKA,S S
245 #0 - TITLE STATEMENT
Title ENTREPRENURIAL DEVELOPMENT
250 ## - EDITION STATEMENT
Edition statement 1ST
260 ## - PUBLICATION, DISTRIBUTION, ETC.
Place of publication, distribution, etc. new delhi
Name of publisher, distributor, etc. S.CHAND
Date of publication, distribution, etc. 2017
300 ## - PHYSICAL DESCRIPTION
Extent 0
942 ## - ADDED ENTRY ELEMENTS (KOHA)
Koha item type Book
Holdings
Withdrawn status Lost status Damaged status Not for loan Collection code Permanent Location Current Location Shelving location Date acquired Total Checkouts Total Renewals Full call number Barcode Date last seen Date last checked out Price effective from Koha item type
        School of Management Maharishi School of Business & Management (Lucknow) Maharishi School of Business & Management (Lucknow) R43S4 2020-06-15 4 2 658 SOM05445 2025-10-08 2024-09-25 2020-06-15 Book

All Rights Reserved@MUIT

Powered by Koha